[Event "Festival A"]
[Site "Santa Flavia ITA"]
[Date "1997.08.20"]
[Round "5"]
[White "Ljubisavljevic, Zivojin Z."]
[Black "Bellipanni, Piero"]
[Result "1-0"]
[WhiteElo "2305"]
[BlackElo "1875"]
[PlyCount "69"]
[EventDate "1997.08.16"]

1.e4 d6 2.d4 Nf6 3.Nc3 c6 4.Bd3 e5 5.Nge2 b5 6.a4 b4 7.Nb1 d5 8.dxe5 Nxe4 
9.Bxe4 dxe4 10.Qxd8+ Kxd8 11.Bf4 h6 12.Nd2 g5 13.Bg3 e3 14.fxe3 Bg7 15.O-O
Ke7 16.Nd4 Rd8 17.Ne4 Rd5 18.Nd6 Be6 19.N6f5+ Kf8 20.Nxe6+ fxe6 21.Nxh6+ 
Ke8 22.Nf7 Nd7 23.Nxg5 Nc5 24.e4 Rd2 25.h4 Rxc2 26.Rf7 Bh6 27.Raf1 Rd8 28.
R7f6 Bxg5 29.hxg5 Nxe4 30.Rf8+ Kd7 31.Rxd8+ Kxd8 32.g6 Nxg3 33.g7 Nxf1 34.
g8=Q+ Kc7 35.Qh7+ 1-0

[Event "Festival A"]
[Site "Santa Flavia ITA"]
[Date "1997.08.20"]
[Round "5"]
[White "Mazzilli, Piero"]
[Black "Botham, Christopher Paul"]
[Result "1-0"]
[WhiteElo "1768"]
[BlackElo "2095"]
[PlyCount "79"]
[EventDate "1997.08.16"]

1.e4 Nf6 2.Nc3 d5 3.e5 Ne4 4.Nce2 d4 5.c3 Nc6 6.cxd4 Ng5 7.d3 Ne6 8.Nf3 
Nexd4 9.Nexd4 Nxd4 10.Be3 Nxf3+ 11.Qxf3 c6 12.Qg3 g6 13.d4 Qa5+ 14.Bd2 Qb6
15.Bc3 Be6 16.Bd3 O-O-O 17.O-O Bd5 18.a4 f5 19.b4 e6 20.b5 Kd7 21.a5 Qc7 
22.b6 axb6 23.axb6 Qb8 24.Ra7 Ke8 25.Rfa1 Be7 26.Bd2 Kf7 27.Bg5 Rhe8 28.h4
Qc8 29.Bxe7 Rxe7 30.h5 Rg8 31.Qg5 Rge8 32.Ra8 Qd7 33.hxg6+ hxg6 34.Qf6+ 
Kg8 35.Qxg6+ Kf8 36.Be2 Rg7 37.Qxe8+ Qxe8 38.Rxe8+ Kxe8 39.Ra8+ Kd7 40.f3 
1-0

[Event "Festival A"]
[Site "Santa Flavia ITA"]
[Date "1997.08.20"]
[Round "5"]
[White "Messina, Igor"]
[Black "Neil, David R."]
[Result "0-1"]
[WhiteElo "1714"]
[BlackElo "2260"]
[PlyCount "60"]
[EventDate "1997.08.16"]

1.e4 e5 2.d4 exd4 3.Nf3 Nc6 4.Nxd4 Bc5 5.Be3 Qf6 6.c3 Nge7 7.Bb5 Nxd4 8.
cxd4 Bb4+ 9.Nc3 O-O 10.O-O d6 11.f4 c5 12.Kh1 a6 13.Ba4 b5 14.Bc2 Bb7 15.
e5 dxe5 16.fxe5 Qe6 17.Qh5 g6 18.Qh6 Bxc3 19.bxc3 Nd5 20.Bg5 f5 21.exf6 
Nxf6 22.Bxf6 Rxf6 23.dxc5 Raf8 24.Rxf6 Qxf6 25.Bb3+ Kh8 26.h3 Bxg2+ 27.
Kxg2 Qc6+ 28.Kg1 Qxc5+ 29.Kh1 Rf2 30.Rd1 Qc7 0-1

[Event "Festival A"]
[Site "Santa Flavia ITA"]
[Date "1997.08.20"]
[Round "5"]
[White "Tozer, Richard J.D."]
[Black "Gueci, Riccardo"]
[Result "0-1"]
[WhiteElo "2340"]
[BlackElo "2150"]
[PlyCount "147"]
[EventDate "1997.08.16"]

1.d4 d6 2.c4 Nf6 3.Nc3 Nbd7 4.e4 e5 5.d5 Nc5 6.f3 a5 7.Nge2 Nh5 8.Be3 Be7 
9.Qd2 h6 10.g3 Bg5 11.h4 Bxe3 12.Qxe3 Bd7 13.O-O-O Qe7 14.Bh3 Bxh3 15.Rxh3
Qd7 16.Rh2 O-O-O 17.g4 Nf6 18.Ng3 g6 19.h5 g5 20.b3 Ng8 21.Rb2 b6 22.Rdd2 
Ne7 23.Nd1 Kb7 24.Nf2 Ra8 25.Nd3 f6 26.Ne2 Rhb8 27.Nc3 Kc8 28.Rb1 Kd8 29.
a3 Ke8 30.Ra2 Kf7 31.Kc2 Nc8 32.Rba1 a4 33.b4 Nb3 34.Rd1 Nd4+ 35.Kb1 c6 
36.dxc6 Qxc6 37.Nb2 Ne7 38.b5 Qc7 39.Ncxa4 Rxa4 40.Nxa4 Qxc4 41.Nc3 Rc8 
42.Ne2 Qxb5+ 43.Rb2 Qa4 44.Rc1 Rxc1+ 45.Kxc1 Nec6 46.Nxd4 Nxd4 47.Qd3 Qc6+
48.Kb1 b5 49.Rb4 Qc5 50.Kb2 Ke7 51.Qc3 Kd7 52.Qd3 Kc6 53.Kb1 Kd7 54.Rb2 
Qa7 55.Qc3 Qc5 56.Qd3 Qa7 57.Kc1 Qc5+ 58.Kd2 Kc6 59.Rb1 Kd7 60.Qc3 Kc6 61.
Rc1 Kd7 62.Qd3 Qa7 63.Qc3 Qc5 64.Kd1 Ne6 65.Qxc5 dxc5 66.Rc2 Kc6 67.Rd2 
Nd4 68.Rd3 c4 69.Rc3 Kb6 70.Kd2 Ka5 71.Ke3 Ka4 72.Kd2 Nb3+ 73.Kc2 Kxa3 74.
Kb1 0-1

[Event "Festival A"]
[Site "Santa Flavia ITA"]
[Date "1997.08.21"]
[Round "6"]
[White "Botham, Christopher Paul"]
[Black "Farina, Saverio"]
[Result "1/2-1/2"]
[WhiteElo "2095"]
[BlackElo "2195"]
[PlyCount "126"]
[EventDate "1997.08.16"]

1.d4 d5 2.Nf3 c5 3.c4 e6 4.cxd5 exd5 5.Nc3 Nc6 6.e3 Nf6 7.Be2 a6 8.dxc5 
Bxc5 9.O-O O-O 10.a3 Ba7 11.b4 d4 12.exd4 Nxd4 13.Nxd4 Bxd4 14.Bb2 Ne4 15.
Na4 Bxb2 16.Nxb2 Qxd1 17.Rfxd1 Nc3 18.Rd2 Nxe2+ 19.Rxe2 Bd7 20.Rd1 Bc6 21.
f3 a5 22.Nd3 Rfd8 23.Red2 Ba4 24.Rc1 Bb5 25.Rcd1 Ba4 26.Rc1 f6 27.Kf2 Rd7 
28.Ke3 Re8+ 29.Kf2 axb4 30.axb4 Bb5 31.Rcd1 Red8 32.Ke3 Re7+ 33.Kf2 Red7 
34.Ke3 Re7+ 35.Kf2 Rd4 36.Nc5 Rxb4 37.Ne4 h6 38.Rd8+ Kh7 39.R1d2 Bc6 40.
Nc3 Rb3 41.Ne2 Rb4 42.Nd4 Ba4 43.Nf5 Rc7 44.Ne3 Bc6 45.Nd5 Bxd5 46.R8xd5 
Rb1 47.h4 Rbc1 48.h5 R1c2 49.g4 Rxd2+ 50.Rxd2 b5 51.Rb2 Rb7 52.Rb4 Kg8 53.
Ke3 Kf7 54.Kd4 Ke6 55.Kc5 f5 56.Kc6 Re7 57.Rxb5 fxg4 58.fxg4 Ra7 59.g5 
hxg5 60.Rxg5 Kf6 61.Rg6+ Kf7 62.Kb5 Re7 63.Rg5 Kf6 1/2-1/2

[Event "Festival A"]
[Site "Santa Flavia ITA"]
[Date "1997.08.21"]
[Round "6"]
[White "Dorenberg, Gaston"]
[Black "Mazzilli, Piero"]
[Result "1-0"]
[WhiteElo "2365"]
[BlackElo "1768"]
[PlyCount "73"]
[EventDate "1997.08.16"]

1.e4 c5 2.Nf3 d6 3.g3 Nc6 4.Bg2 g6 5.O-O Bg7 6.c3 e6 7.d4 cxd4 8.cxd4 Nge7
9.Nc3 O-O 10.Re1 e5 11.d5 Nb8 12.Nd2 f5 13.Nc4 a6 14.a4 f4 15.a5 g5 16.b3 
Rf6 17.Ba3 f3 18.Bxf3 Bh3 19.Ra2 Nc8 20.Bg4 Bxg4 21.Qxg4 h6 22.Na4 Nd7 23.
Bb4 Rb8 24.Rc1 Qe7 25.Rac2 Qf7 26.Ne3 Na7 27.Rc7 Rd8 28.Nb6 h5 29.Qxg5 Nb5
30.Rxd7 Rxd7 31.Rc8+ Kh7 32.Nxd7 Qxd7 33.Nf5 Nd4 34.Qxh5+ Bh6 35.Nxh6 Qxc8
36.Nf5+ Kg8 37.Ne7+ 1-0

[Event "Festival A"]
[Site "Santa Flavia ITA"]
[Date "1997.08.21"]
[Round "6"]
[White "Galioto, Natale"]
[Black "Bonaccorsi, Fabrizio"]
[Result "1-0"]
[WhiteElo "1822"]
[BlackElo "2130"]
[PlyCount "55"]
[EventDate "1997.08.16"]

1.e4 c5 2.Nf3 Nc6 3.d4 cxd4 4.Nxd4 e5 5.Nb3 Nf6 6.Nc3 Bb4 7.Bd3 d5 8.exd5 
Nxd5 9.Bd2 Nxc3 10.bxc3 Bd6 11.O-O O-O 12.f4 f5 13.fxe5 Nxe5 14.Bf4 Qc7 
15.Qd2 Bd7 16.Kh1 Kh8 17.Nd4 Rac8 18.Rab1 a6 19.Bxe5 Bxe5 20.Nxf5 Bxh2 21.
Qg5 Be5 22.Ne7 Bf4 23.Qh5 Bh6 24.Ng6+ hxg6 25.Qxg6 Bf5 26.Rxf5 Rxf5 27.
Bxf5 Kg8 28.Qe6+ 1-0

[Event "Festival A"]
[Site "Santa Flavia ITA"]
[Date "1997.08.21"]
[Round "6"]
[White "Karsdorp, Nico"]
[Black "Cerrato, Roberto"]
[Result "1-0"]
[WhiteElo "1779"]
[BlackElo "1704"]
[PlyCount "103"]
[EventDate "1997.08.16"]

1.e4 e6 2.d4 d5 3.Nd2 c5 4.Ngf3 cxd4 5.Nxd4 dxe4 6.Nxe4 Bd7 7.Bd3 Nc6 8.
Nb5 Bc8 9.Bg5 Nf6 10.O-O a6 11.Nbc3 Be7 12.f4 Bd7 13.Bxf6 Bxf6 14.Nxf6+ 
Qxf6 15.Ne4 Qd4+ 16.Kh1 O-O-O 17.c3 Qd5 18.Qe2 f5 19.Ng5 Rdf8 20.Bc4 Qd6 
21.Rad1 Qe7 22.Bxe6 Bxe6 23.Qxe6+ Qxe6 24.Nxe6 Rf7 25.Ng5 Re7 26.Rfe1 h6 
27.Rxe7 Nxe7 28.Nf7 Rf8 29.Ne5 Re8 30.Kg1 Ng8 31.Kf2 Nf6 32.Kf3 Re6 33.h3 
Rb6 34.b3 Re6 35.c4 Re7 36.c5 Kc7 37.b4 Re6 38.a4 Kc8 39.Nf7 Kc7 40.Nd6 g6
41.Rd4 Kc6 42.Nf7 Kc7 43.Nxh6 Ne4 44.Nf7 a5 45.Ng5 Nxg5+ 46.fxg5 axb4 47.
Rxb4 Kc6 48.Rb6+ Kd7 49.Rxb7+ Kc8 50.Rb6 Re4 51.Rxg6 Rxa4 52.Rf6 1-0

[Event "Festival A"]
[Site "Santa Flavia ITA"]
[Date "1997.08.21"]
[Round "6"]
[White "Messina, Igor"]
[Black "Livecchi, Dario"]
[Result "1-0"]
[WhiteElo "1714"]
[BlackElo "1884"]
[PlyCount "87"]
[EventDate "1997.08.16"]

1.e4 c5 2.c3 d6 3.d4 Nf6 4.dxc5 Nc6 5.Bc4 Nxe4 6.Bxf7+ Kxf7 7.Qh5+ g6 8.
Qd5+ e6 9.Qxe4 d5 10.Qe2 Bxc5 11.Nf3 e5 12.Bh6 Re8 13.Ng5+ Kg8 14.Qf3 Bf5 
15.O-O e4 16.Qf4 Ne5 17.Qh4 Nf7 18.g4 Bf8 19.Bxf8 Nxg5 20.Kh1 Rxf8 21.gxf5
Rxf5 22.Nd2 Qf6 23.Kg2 Rf8 24.Rae1 Qd6 25.Re3 Nf3 26.Nxf3 Rxf3 27.Rxf3 
Rxf3 28.Rd1 Qe5 29.Qd8+ Kg7 30.Qxd5 Qxd5 31.Rxd5 Rf5 32.Rxf5 gxf5 33.Kg3 
b5 34.Kf4 Kf6 35.b3 a5 36.a4 bxa4 37.bxa4 Ke6 38.c4 Kf6 39.h4 h6 40.h5 Ke6
41.c5 Kd5 42.Kxf5 Kxc5 43.Kxe4 Kd6 44.Kf5 1-0

[Event "Festival A"]
[Site "Santa Flavia ITA"]
[Date "1997.08.21"]
[Round "6"]
[White "Neil, David R."]
[Black "Xheladini, Mahmut"]
[Result "1-0"]
[WhiteElo "2260"]
[BlackElo "2310"]
[PlyCount "87"]
[EventDate "1997.08.16"]

1.e4 c5 2.Nc3 e6 3.f4 a6 4.a4 d5 5.d3 f5 6.Nf3 Nc6 7.g3 Nf6 8.Bg2 d4 9.e5 
dxc3 10.exf6 Qxf6 11.Rb1 Bd6 12.O-O O-O 13.bxc3 Qxc3 14.Bb2 Qa5 15.Re1 Nd8
16.Ne5 Qxa4 17.Nc4 Bc7 18.Ba3 Rf6 19.Bxc5 Rb8 20.Nb6 Qe8 21.d4 Nf7 22.d5 
e5 23.fxe5 Bxe5 24.Nc4 f4 25.gxf4 Rxf4 26.Nxe5 Nxe5 27.Bd6 Bh3 28.Bxe5 Qg6
29.Re2 Rg4 30.Qd2 Rc8 31.Bg3 Bxg2 32.Rxg2 h5 33.Qd3 b5 34.Qxg6 Rxg6 35.d6 
h4 36.Be5 Rxg2+ 37.Kxg2 Rxc2+ 38.Kf3 Rd2 39.Ke3 Rd5 40.Ke4 Rd2 41.Bf4 Re2+
42.Kf3 Re8 43.d7 Rf8 44.Kg4 1-0

[Event "Festival A"]
[Site "Santa Flavia ITA"]
[Date "1997.08.21"]
[Round "6"]
[White "Passerotti, Pierluigi"]
[Black "Ljubisavljevic, Zivojin Z."]
[Result "1-0"]
[WhiteElo "2310"]
[BlackElo "2305"]
[PlyCount "129"]
[EventDate "1997.08.16"]

1.d4 Nf6 2.Nf3 e6 3.e3 c5 4.Bd3 Nc6 5.O-O b6 6.Nbd2 Bb7 7.Re1 Rc8 8.a3 Be7
9.b3 O-O 10.Bb2 d5 11.Qe2 g6 12.c4 Nh5 13.cxd5 exd5 14.dxc5 bxc5 15.Ba6 
Bxa6 16.Qxa6 Qb6 17.Qd3 Rfd8 18.Qc2 Bf6 19.Bxf6 Nxf6 20.Rac1 Nd7 21.h3 a5 
22.e4 d4 23.e5 a4 24.Nc4 Qxb3 25.Qe4 Nf8 26.Qh4 Ne6 27.Nd6 Nxe5 28.Nxe5 
Rxd6 29.Qe7 Rb6 30.Qxf7+ Kh8 31.Nd7 Ng7 32.Rc4 Rd6 33.Nxc5 Qb8 34.Rb4 Qa8 
35.Re7 Rg8 36.Ne4 Rdd8 37.Rbb7 d3 38.Qf6 Qxb7 39.Rxb7 d2 40.Nxd2 Rxd2 41.
Ra7 Rdd8 42.Rxa4 Rgf8 43.Qc3 Rd7 44.Rc4 h5 45.Rc7 Rxc7 46.Qxc7 Ra8 47.Qc5 
Kh7 48.Qb4 Rd8 49.Kf1 Rd1+ 50.Ke2 Rd7 51.Qb5 Re7+ 52.Kd3 Nf5 53.a4 Re1 54.
Qb7+ Kh6 55.a5 Rd1+ 56.Kc2 Ra1 57.Qb6 Ra2+ 58.Kb1 Ra4 59.a6 Nd4 60.a7 h4 
61.Qxd4 Rxd4 62.a8=Q Rf4 63.Qh8+ Kg5 64.Qe5+ Rf5 65.f4+ 1-0

[Event "Festival A"]
[Site "Santa Flavia ITA"]
[Date "1997.08.21"]
[Round "6"]
[White "Roberti, Ignazio"]
[Black "Stock, Juergen"]
[Result "1-0"]
[WhiteElo "1721"]
[BlackElo "2050"]
[PlyCount "107"]
[EventDate "1997.08.16"]

1.e4 e6 2.d4 d5 3.Nc3 dxe4 4.Nxe4 Bd7 5.Nf3 Bc6 6.Bd3 Nd7 7.c3 Ngf6 8.Ng3 
Bd6 9.b3 Qe7 10.Bb2 O-O-O 11.O-O h5 12.Re1 Bxg3 13.hxg3 Ng4 14.c4 Qf6 15.
Be4 h4 16.Bxc6 hxg3 17.Bxd7+ Kxd7 18.fxg3 Kc8 19.Qd2 Rh5 20.Qf4 Qg6 21.Nh4
Rdh8 22.d5 f5 23.Rxe6 Qf7 24.Rae1 g5 25.Re7 Qxe7 26.Rxe7 gxf4 27.Bxh8 Rxh8
28.Nxf5 Rf8 29.Rg7 Ne5 30.gxf4 Rxf5 31.fxe5 Rxe5 32.Kf2 Rf5+ 33.Ke2 b5 34.
Rg4 bxc4 35.bxc4 Rf6 36.c5 Rf5 37.Rd4 c6 38.dxc6 Rxc5 39.Kd3 Kc7 40.Rc4 
Rd5+ 41.Kc2 Rf5 42.g4 Rf2+ 43.Kb3 Rg2 44.a4 a5 45.Kc3 Rg3+ 46.Kd2 Rg2+ 47.
Ke3 Rg3+ 48.Kf4 Rd3 49.Ke5 Rg3 50.Kf5 Rb3 51.g5 Rb4 52.Rg4 Kxc6 53.g6 Rb1 
54.g7 1-0

[Event "Festival A"]
[Site "Santa Flavia ITA"]
[Date "1997.08.21"]
[Round "6"]
[White "Tripodo, Roberto"]
[Black "Capozzoli, Silvio"]
[Result "1-0"]
[WhiteElo "1735"]
[BlackElo "1806"]
[PlyCount "67"]
[EventDate "1997.08.16"]

1.e4 c5 2.Nf3 Nc6 3.d4 cxd4 4.Nxd4 g6 5.c3 Bg7 6.Bc4 Nf6 7.Nxc6 bxc6 8.e5 
Ne4 9.Qf3 f5 10.exf6 Nxf6 11.O-O d5 12.Bb3 O-O 13.Qd3 Qc7 14.f3 Kh8 15.Be3
Nh5 16.Bc5 Be5 17.Bd4 Bxd4+ 18.cxd4 Nf4 19.Qe3 Ba6 20.Rf2 Rf5 21.Nc3 Rg5 
22.Rc2 Qd6 23.Re1 Re8 24.Na4 Rh5 25.Nc5 Bc8 26.g3 Nh3+ 27.Kg2 e5 28.dxe5 
Rhxe5 29.Qd4 Kg8 30.Rxe5 Rxe5 31.Ne4 Qe6 32.Rxc6 Nf4+ 33.gxf4 Qh3+ 34.Kg1 
1-0

[Event "Festival A"]
[Site "Santa Flavia ITA"]
[Date "1997.08.21"]
[Round "6"]
[White "Vallifuoco, Giacomo"]
[Black "Ciampi, Vincenzo"]
[Result "1/2-1/2"]
[WhiteElo "2395"]
[BlackElo "2165"]
[PlyCount "44"]
[EventDate "1997.08.16"]

1.d4 Nf6 2.c4 e6 3.Nc3 d5 4.cxd5 exd5 5.Bg5 Be7 6.e3 c6 7.Qc2 Nbd7 8.Bd3 
O-O 9.Nf3 Re8 10.O-O Nf8 11.Rab1 a5 12.a3 Bg4 13.Ne5 Bh5 14.b4 axb4 15.
axb4 Ng4 16.Bxe7 Qxe7 17.Nxg4 Bxg4 18.b5 Rad8 19.bxc6 bxc6 20.Na4 Rd6 21.
Rb6 Qg5 22.f4 Qf6 1/2-1/2

[Event "Festival A"]
[Site "Santa Flavia ITA"]
[Date "1997.08.22"]
[Round "7"]
[White "Ciampi, Vincenzo"]
[Black "Dorenberg, Gaston"]
[Result "0-1"]
[WhiteElo "2165"]
[BlackElo "2365"]
[PlyCount "80"]
[EventDate "1997.08.16"]

1.d4 Nf6 2.Nf3 e6 3.e3 b6 4.Bd3 Bb7 5.Nbd2 c5 6.O-O Nc6 7.a3 d5 8.b3 cxd4 
9.exd4 Be7 10.Bb2 O-O 11.Qe2 a5 12.Ne5 Nxe5 13.dxe5 Nd7 14.c4 Nc5 15.Bc2 
dxc4 16.Nxc4 Qd5 17.Ne3 Qc6 18.Qg4 Qb5 19.Qh3 Be4 20.Bxe4 Nxe4 21.Nc4 Nc5 
22.Rad1 Rad8 23.a4 Nxa4 24.Ba1 Nc5 25.Nd6 Qd7 26.Qg4 Qa7 27.Rd4 Qa6 28.
Rfd1 Bxd6 29.exd6 f6 30.R4d2 Qb7 31.Qe2 e5 32.Ra2 Qe4 33.Qd2 Nb7 34.d7 Nc5
35.f3 Qb7 36.Qe3 Rxd7 37.Rb1 Rfd8 38.b4 Rd1+ 39.Rxd1 Rxd1+ 40.Kf2 Qd5 0-1

[Event "Festival A"]
[Site "Santa Flavia ITA"]
[Date "1997.08.22"]
[Round "7"]
[White "Gueci, Riccardo"]
[Black "Rosin, Federico"]
[Result "1-0"]
[WhiteElo "2150"]
[BlackElo "2260"]
[PlyCount "91"]
[EventDate "1997.08.16"]

1.e4 d5 2.exd5 Nf6 3.Bb5+ Bd7 4.Bc4 Bg4 5.f3 Bc8 6.Nc3 Nbd7 7.Ne4 Nb6 8.
Nxf6+ gxf6 9.Bb3 Nxd5 10.d4 Bf5 11.Ne2 e6 12.Ng3 Bg6 13.Qe2 Qd7 14.Bd2 
O-O-O 15.O-O-O f5 16.Kb1 Bg7 17.Bg5 f6 18.Bd2 Rhe8 19.c4 f4+ 20.Ne4 Ne3 
21.Bxe3 fxe3 22.Bc2 Qc6 23.Qxe3 Qxc4 24.Qc3 Qb5 25.Qc5 Qxc5 26.dxc5 Rd5 
27.Rxd5 exd5 28.Nc3 c6 29.Bxg6 hxg6 30.Kc2 f5 31.Rd1 Bf8 32.b4 Bg7 33.Rd2 
Re1 34.f4 Kd7 35.Rd3 Ke6 36.Rf3 Kf7 37.Rd3 Rf1 38.g3 Re1 39.Kb3 a6 40.Nd1 
Ke7 41.Ka4 Bf6 42.h3 d4 43.Ka3 Re6 44.Rf3 Bg7 45.Ka4 Re2 46.Ka5 1-0

[Event "Festival A"]
[Site "Santa Flavia ITA"]
[Date "1997.08.22"]
[Round "7"]
[White "Karsdorp, Nico"]
[Black "Botham, Christopher Paul"]
[Result "0-1"]
[WhiteElo "1779"]
[BlackElo "2095"]
[PlyCount "68"]
[EventDate "1997.08.16"]

1.c4 Nf6 2.Nf3 g6 3.Nc3 d5 4.cxd5 Nxd5 5.e4 Nxc3 6.bxc3 Bg7 7.d4 O-O 8.Be3
c5 9.Be2 b6 10.O-O Bb7 11.Qc2 cxd4 12.cxd4 Nc6 13.Rad1 e6 14.Rd2 Rc8 15.
Qb1 Na5 16.Rc2 Rxc2 17.Qxc2 Qd7 18.Qd3 Rc8 19.Rc1 Rxc1+ 20.Bxc1 Qc6 21.Bd2
Qxe4 22.Bxa5 Qxd3 23.Bxd3 bxa5 24.Ne5 Bd5 25.a4 f6 26.Nd7 Kf7 27.Bb5 Ke7 
28.Nc5 f5 29.Nd3 Bxd4 30.Kf1 e5 31.f3 Kd6 32.Ke2 Bc6 33.Bxc6 Kxc6 34.Kd2 
Kd5 0-1

[Event "Festival A"]
[Site "Santa Flavia ITA"]
[Date "1997.08.22"]
[Round "7"]
[White "Livecchi, Dario"]
[Black "Tripodo, Roberto"]
[Result "1-0"]
[WhiteElo "1884"]
[BlackElo "1735"]
[PlyCount "65"]
[EventDate "1997.08.16"]

1.e4 c5 2.Nf3 e6 3.d4 cxd4 4.Nxd4 Nf6 5.Nc3 d6 6.f4 Be7 7.Be3 a6 8.Qf3 Qc7
9.O-O-O Nbd7 10.g4 b5 11.g5 Nxe4 12.Nxe4 Bb7 13.Bd3 Qa5 14.Nxd6+ Bxd6 15.
Qxb7 Rb8 16.Qc6 Ke7 17.Nb3 Qc7 18.Qxc7 Bxc7 19.Nc5 Bb6 20.b4 Rhc8 21.Rhe1 
Nxc5 22.Bxc5+ Bxc5 23.bxc5 Rxc5 24.Re4 g6 25.a4 b4 26.Bxa6 b3 27.Rc4 b2+ 
28.Kb1 Ra5 29.Rc7+ Ke8 30.Bc8 Rb4 31.Bd7+ Kf8 32.Bb5 Raxb5 33.Rd8+ 1-0

[Event "Festival A"]
[Site "Santa Flavia ITA"]
[Date "1997.08.22"]
[Round "7"]
[White "Mack, Andrew L."]
[Black "Vallifuoco, Giacomo"]
[Result "1/2-1/2"]
[WhiteElo "2275"]
[BlackElo "2395"]
[PlyCount "27"]
[EventDate "1997.08.16"]

1.e4 c5 2.Nf3 e6 3.c4 Nc6 4.Nc3 Nf6 5.Be2 d5 6.exd5 exd5 7.d4 Be6 8.cxd5 
Nxd5 9.O-O Be7 10.Nxd5 Qxd5 11.Be3 cxd4 12.Nxd4 Nxd4 13.Bxd4 O-O 14.Bf3 
1/2-1/2

[Event "Festival A"]
[Site "Santa Flavia ITA"]
[Date "1997.08.22"]
[Round "7"]
[White "Mazzilli, Piero"]
[Black "Bellipanni, Piero"]
[Result "1/2-1/2"]
[WhiteElo "1768"]
[BlackElo "1875"]
[PlyCount "75"]
[EventDate "1997.08.16"]

1.e4 d6 2.d4 Nf6 3.Nc3 c6 4.f4 Qa5 5.Bd3 e5 6.Be3 Ng4 7.Bd2 exd4 8.Nce2 
Qb6 9.Nf3 Ne3 10.Bxe3 dxe3 11.Qc1 g6 12.O-O Bg7 13.c3 O-O 14.Ned4 Nd7 15.
Re1 Nf6 16.a4 a5 17.h3 d5 18.e5 Nh5 19.Qxe3 Bh6 20.Ng5 Bd7 21.Kh1 c5 22.
Nb5 Rae8 23.Nd6 Qxd6 24.exd6 Rxe3 25.Rxe3 Nxf4 26.h4 f6 27.Re7 Bc6 28.Nxh7
Nxd3 29.d7 Rd8 30.Nxf6+ Kf8 31.Rh7 Bg7 32.Rf1 Bxf6 33.Rxf6+ Kg8 34.Rff7 
Ne5 35.Rhg7+ Kh8 36.Rh7+ Kg8 37.Rhg7+ Kh8 38.Rh7+ 1/2-1/2

[Event "Festival A"]
[Site "Santa Flavia ITA"]
[Date "1997.08.22"]
[Round "7"]
[White "Messina, Giuseppe Ottavio"]
[Black "Capozzoli, Silvio"]
[Result "0-1"]
[WhiteElo "1726"]
[BlackElo "1806"]
[PlyCount "62"]
[EventDate "1997.08.16"]

1.e4 c5 2.c3 e6 3.d4 d5 4.e5 Nc6 5.Nf3 Qb6 6.Bd3 Bd7 7.O-O cxd4 8.cxd4 f6 
9.Re1 fxe5 10.Nxe5 Nxe5 11.Rxe5 Nf6 12.Nc3 Bd6 13.Bg5 O-O 14.Re3 Rac8 15.
Rh3 g6 16.Bxf6 Rxf6 17.Qg4 Rcf8 18.Nxd5 exd5 19.Qxd7 R6f7 20.Qg4 Qxb2 21.
Rf1 Rf6 22.Qd7 R8f7 23.Qe8+ Kg7 24.Qe3 Bf4 25.Qe2 Qxd4 26.Rd1 Qc5 27.Kh1 
Bc7 28.f3 Re7 29.Qd2 Rfe6 30.Qh6+ Kg8 31.Qd2 Ba5 0-1

[Event "Festival A"]
[Site "Santa Flavia ITA"]
[Date "1997.08.22"]
[Round "7"]
[White "Passerotti, Pierluigi"]
[Black "Povah, Nigel E."]
[Result "1-0"]
[WhiteElo "2310"]
[BlackElo "2325"]
[PlyCount "71"]
[EventDate "1997.08.16"]

1.d4 Nf6 2.Nf3 e6 3.e3 c5 4.Bd3 b6 5.O-O Bb7 6.Nbd2 Be7 7.Qe2 d6 8.c3 Nbd7
9.e4 cxd4 10.cxd4 O-O 11.Rd1 Rc8 12.Nf1 Re8 13.Ng3 Rc7 14.Bd2 Qa8 15.Rac1 
Rec8 16.Rxc7 Rxc7 17.Rc1 Qc8 18.Rxc7 Qxc7 19.Bc3 g6 20.h4 h5 21.Ng5 Qc6 
22.f3 Nh7 23.Bb5 Qc8 24.f4 Nxg5 25.hxg5 a6 26.Bd3 e5 27.f5 Bxg5 28.fxg6 
fxg6 29.Bc4+ Kg7 30.Be6 Bf6 31.Nxh5+ gxh5 32.Qxh5 Qh8 33.Qf7+ Kh6 34.Bf5 
Nf8 35.dxe5 Bxe4 36.exf6 1-0

[Event "Festival A"]
[Site "Santa Flavia ITA"]
[Date "1997.08.22"]
[Round "7"]
[White "Ruzza, Claudio"]
[Black "Cerrato, Roberto"]
[Result "1-0"]
[WhiteElo "1815"]
[BlackElo "1704"]
[PlyCount "75"]
[EventDate "1997.08.16"]

1.d4 Nf6 2.Nf3 g6 3.Bf4 Bg7 4.e3 O-O 5.Be2 d6 6.h3 c5 7.c3 cxd4 8.exd4 Be6
9.c4 Qb6 10.Qb3 Na6 11.O-O Rac8 12.Nc3 Rfe8 13.Be3 Qb4 14.Nd2 Bd7 15.Qxb4 
Nxb4 16.Rac1 Rc7 17.a3 Na6 18.b4 Rec8 19.Nb3 b6 20.c5 Nb8 21.Bb5 dxc5 22.
Bxd7 Nfxd7 23.Nd5 cxd4 24.Nxe7+ Kf8 25.Nxc8 Nc6 26.Bxd4 Rxc8 27.Bxg7+ Kxg7
28.Rfd1 Nf6 29.Rd6 Ne7 30.Rxc8 Nxc8 31.Rc6 Ne7 32.Rc7 Nfd5 33.Rxa7 Nc6 34.
Rb7 Ne5 35.a4 Kf8 36.a5 Nxb4 37.Rxb6 Nbc6 38.f4 1-0

[Event "Festival A"]
[Site "Santa Flavia ITA"]
[Date "1997.08.22"]
[Round "7"]
[White "Tozer, Richard J.D."]
[Black "Neil, David R."]
[Result "1/2-1/2"]
[WhiteElo "2340"]
[BlackElo "2260"]
[PlyCount "78"]
[EventDate "1997.08.16"]

1.d4 Nf6 2.c4 g6 3.Nc3 Bg7 4.e4 d6 5.Be2 O-O 6.Bg5 Na6 7.Qd2 c6 8.h4 e5 9.
d5 h5 10.f3 Qa5 11.a3 cxd5 12.cxd5 Bd7 13.Nb5 Qxd2+ 14.Bxd2 Bxb5 15.Bxb5 
Nc5 16.Be3 Rfc8 17.Rc1 a6 18.Be2 Nfd7 19.Nh3 Nb3 20.Rxc8+ Rxc8 21.Bd1 Ndc5
22.Nf2 Kh7 23.g4 Bf6 24.g5 Bd8 25.O-O Ba5 26.Bxc5 Rxc5 27.Bxb3 Rb5 28.Bd1 
Rxb2 29.a4 b5 30.axb5 axb5 31.Kg2 Bb6 32.Kg3 Be3 33.Nh3 Rd2 34.f4 Bc5 35.
Bb3 Rb2 36.Rf3 Kg7 37.Rd3 Re2 38.Kf3 Rh2 39.Kg3 Re2 1/2-1/2

[Event "Festival A"]
[Site "Santa Flavia ITA"]
[Date "1997.08.22"]
[Round "7"]
[White "Xheladini, Mahmut"]
[Black "Ljubisavljevic, Zivojin Z."]
[Result "1-0"]
[WhiteElo "2310"]
[BlackElo "2305"]
[PlyCount "75"]
[EventDate "1997.08.16"]

1.e4 d5 2.exd5 Nf6 3.Bb5+ Bd7 4.Bc4 b5 5.Bb3 a5 6.a3 Na6 7.d4 a4 8.Ba2 g6 
9.Nf3 Bg7 10.c3 O-O 11.Bg5 h6 12.Bxf6 exf6 13.O-O Bf5 14.Re1 Qd6 15.Nbd2 
c6 16.dxc6 Qxc6 17.Re3 Nc7 18.Nh4 Be6 19.Bxe6 Nxe6 20.Qf3 Qd7 21.Rae1 Ng5 
22.Qe2 f5 23.f4 Nh7 24.Nhf3 Bf6 25.Ne5 Qd5 26.Qf2 Rfd8 27.R1e2 Nf8 28.Qg3 
b4 29.axb4 a3 30.bxa3 Rxa3 31.Ndc4 Ra7 32.Re1 Ra2 33.R3e2 Bxe5 34.Nxe5 
Rda8 35.Qf3 Qb3 36.Rxa2 Rxa2 37.Qb7 Rd2 38.c4 1-0

[Event "Festival B"]
[Site "Santa Flavia ITA"]
[Date "1997.08.19"]
[Round "4"]
[White "Arnetta, Marianna"]
[Black "Culle', Salvatore"]
[Result "0-1"]
[WhiteElo "1642"]
[BlackElo "1570"]
[PlyCount "52"]
[EventDate "1997.08.16"]

1. e4 e6 2. Qe2 Be7 3. g3 d5 4. e5 Nh6 5. d4 Nf5 6. Nf3 O-O 7. Bg2 c5 8. c3 Nc6
9. g4 Nh4 10. Nxh4 Bxh4 11. Be3 cxd4 12. cxd4 f6 13. O-O fxe5 14. dxe5 Nxe5 15.
Bc5 Ng6 16. Bxf8 Qxf8 17. Bh1 Bd7 18. Nc3 a6 19. Rad1 Kh8 20. Rd2 Qf6 21. Qf3
Qg5 22. Rd4 Rf8 23. Qe2 e5 24. Rxd5 Bxg4 25. Qe3 Nf4 26. Rd3 Bf3+ 0-1

[Event "C.to Provinciale TR"]
[Site "Terni ITA"]
[Date "1997.??.??"]
[Round "2"]
[White "Cerasi, Umberto"]
[Black "Cardinali, Egidio"]
[Result "1-0"]
[WhiteElo "1920"]
[BlackElo "1597"]
[PlyCount "98"]
[EventDate "1997.??.??"]

1. c4 c5 2. Nc3 Nc6 3. Nf3 Nf6 4. g3 g6 5. Bg2 Bg7 6. O-O O-O 7. d4 cxd4 8.
Nxd4 Nxd4 9. Qxd4 d6 10. Bg5 Be6 11. Qh4 Qc7 12. b3 Rfe8 13. Rac1 a6 14. h3
Rab8 15. e4 Qa5 16. Rc2 h5 17. Nd5 Bxd5 18. exd5 b5 19. c5 dxc5 20. d6 Nd7 21.
Bc6 f6 22. Bxd7 fxg5 23. Qxg5 exd6 24. Qd5+ Kh7 25. Bxe8 Rxe8 26. Qxd6 Re1 27.
Qxc5 Rxf1+ 28. Kxf1 Qd8 29. Kg2 Qd3 30. Qc7 b4 31. Qc4 Qd6 32. Re2 a5 33. Re6
Qd2 34. Qe4 Qg5 35. h4 Qg4 36. Qxg4 hxg4 37. Ra6 Kh6 38. Rxa5 Bc3 39. Rg5 Bd2
40. Rxg4 Kh5 41. Rd4 Bc3 42. Rd5+ Kh6 43. Kh3 Bb2 44. Rd7 Bc3 45. g4 g5 46.
Rd6+ Kg7 47. hxg5 Be1 48. f4 Bc3 49. f5 Be5 1-0

[Event "C.to Provinciale TR"]
[Site "Terni ITA"]
[Date "1997.??.??"]
[Round "2"]
[White "Scaletti, Luciano"]
[Black "Andreoli, Giorgio"]
[Result "0-1"]
[WhiteElo "1630"]
[BlackElo "1953"]
[PlyCount "96"]
[EventDate "1997.??.??"]

1. e4 e6 2. d4 d5 3. Nc3 Bb4 4. e5 b6 5. a3 Bxc3+ 6. bxc3 Ne7 7. a4 Qd7 8. Nf3
h6 9. Ba3 Ba6 10. Bxa6 Nxa6 11. O-O c5 12. Qe2 c4 13. Nd2 Nb8 14. Qf3 Nbc6 15.
Bxe7 Kxe7 16. Qg4 Raf8 17. f4 g6 18. Nb1 Kd8 19. Na3 Ne7 20. Rfb1 Nf5 21. Qe2
h5 22. Rb4 Ke7 23. Rab1 Rc8 24. Qf2 Kf8 25. h3 h4 26. Qf3 Qe7 27. Nb5 Rc6 28.
Ra1 a6 29. Na3 g5 30. Rbb1 Rg8 31. Rf1 Rc8 32. Nb1 gxf4 33. Qxf4 Qg5 34. Qxg5
Rxg5 35. Rf3 Ke7 36. Na3 Rcg8 37. Rf2 Kd7 38. Re1 Rg3 39. Kh2 Rxc3 40. Nb1 Rcg3
41. c3 R8g7 42. Ree2 Kc6 43. Rf4 b5 44. a5 Rd3 45. Rd2 Re3 46. Rdf2 Ng3 47. Nd2
Rxc3 48. Rxh4 Nf5 0-1